<?xml version="1.0" encoding="UTF-8"?>
<record
    xmlns:xsi="http://www.w3.org/2001/XMLSchema-instance"
    xsi:schemaLocation="http://www.loc.gov/MARC21/slim http://www.loc.gov/standards/marcxml/schema/MARC21slim.xsd"
    xmlns="http://www.loc.gov/MARC21/slim">

  <leader>01354nam a2200253 i 4500</leader>
  <controlfield tag="001">000028600</controlfield>
  <controlfield tag="003">DO-SdBNP</controlfield>
  <controlfield tag="005">20230918113409.0</controlfield>
  <controlfield tag="006">a||||gr|||| 00| 0 </controlfield>
  <controlfield tag="007">ta</controlfield>
  <controlfield tag="008">110411s1945    dr c          000 0 spa d</controlfield>
  <datafield tag="040" ind1=" " ind2=" ">
    <subfield code="a">DO-SdBNP</subfield>
    <subfield code="b">spa</subfield>
    <subfield code="c">BNPHU</subfield>
    <subfield code="e">rda</subfield>
  </datafield>
  <datafield tag="082" ind1=" " ind2="4">
    <subfield code="b">C749e</subfield>
    <subfield code="2">22</subfield>
  </datafield>
  <datafield tag="111" ind1="2" ind2=" ">
    <subfield code="a">Congreso de Estudiantes Normalistas Dominicanos</subfield>
    <subfield code="n">(1a. :</subfield>
    <subfield code="d">1945:</subfield>
    <subfield code="c">La Vega, Rep&#xFA;blica Dominicana)</subfield>
    <subfield code="9">55552</subfield>
    <subfield code="j">autor</subfield>
  </datafield>
  <datafield tag="245" ind1="1" ind2="0">
    <subfield code="a">Memoria. /</subfield>
  </datafield>
  <datafield tag="264" ind1=" " ind2=" ">
    <subfield code="a">La Vega, Rep&#xFA;blica Dominicana :</subfield>
    <subfield code="b">La Naci&#xF3;n,</subfield>
    <subfield code="c">1945</subfield>
  </datafield>
  <datafield tag="300" ind1=" " ind2=" ">
    <subfield code="a">169 p&#xE1;ginas :</subfield>
    <subfield code="b">Ilustraciones, retrato. ;</subfield>
    <subfield code="c">21 cm.</subfield>
  </datafield>
  <datafield tag="336" ind1=" " ind2=" ">
    <subfield code="2">rdacontent</subfield>
    <subfield code="a">texto</subfield>
    <subfield code="b">txt</subfield>
  </datafield>
  <datafield tag="337" ind1=" " ind2=" ">
    <subfield code="2">rdamedia</subfield>
    <subfield code="a">sin mdiaci&#xF3;n</subfield>
    <subfield code="b">n</subfield>
  </datafield>
  <datafield tag="338" ind1=" " ind2=" ">
    <subfield code="2">rdacarrier</subfield>
    <subfield code="a">volumen</subfield>
    <subfield code="b">nc</subfield>
  </datafield>
  <datafield tag="505" ind1=" " ind2=" ">
    <subfield code="a">Liminar.</subfield>
    <subfield code="t">La iniciativa.-- Agenda.-- Reglamento.-- Programa.-- Relaci&#xF3;n de los delegados.-- Presidencia del Congreso.-- comisiones.-- Discursos de la sesi&#xF3;n inaugural. / Eliseo de Pe&#xF1;a Dur&#xE1;n. / Mercedes Herrera Mont&#xE1;s. / Jos&#xE9; Alejandro Hern&#xE1;ndez. / Carlos Bienvenido Mont&#xE1;s. / Juan Bautista Santos.-- Mensaje al Presidente Trujillo.-- Resumen de las sesiones y de los actos del Congreso.-- Hu&#xE9;spedes Distinguidos.-- Resoluci&#xF3;n del Congreso Normalista.-- Discurso de clausura por Jos&#xE9; Ram&#xF3;n Hern&#xE1;ndez Lebr&#xF3;n-- Temas y autores de las mociones.-- Acto final.</subfield>
  </datafield>
  <datafield tag="590" ind1=" " ind2=" ">
    <subfield code="a">Inventariado 2023 / MF</subfield>
  </datafield>
  <datafield tag="942" ind1=" " ind2=" ">
    <subfield code="2">ddc</subfield>
    <subfield code="c">LBS1</subfield>
  </datafield>
  <datafield tag="952" ind1=" " ind2=" ">
    <subfield code="0">0</subfield>
    <subfield code="1">1</subfield>
    <subfield code="2">ddc</subfield>
    <subfield code="5">1</subfield>
    <subfield code="7">0</subfield>
    <subfield code="8">RV</subfield>
    <subfield code="a">BNPHU</subfield>
    <subfield code="b">BNPHU</subfield>
    <subfield code="c">HD</subfield>
    <subfield code="d">2011-07-20</subfield>
    <subfield code="e">Pertenececi&#xF3; a la bilbioteca personl de Mart&#xED;nez Boog.</subfield>
    <subfield code="l">0</subfield>
    <subfield code="o">C749e</subfield>
    <subfield code="p">28600-10</subfield>
    <subfield code="r">2020-06-25</subfield>
    <subfield code="w">2020-06-25</subfield>
    <subfield code="y">LBS1</subfield>
    <subfield code="Z">Pr&#xE9;stamo en sala</subfield>
  </datafield>
  <datafield tag="952" ind1=" " ind2=" ">
    <subfield code="0">0</subfield>
    <subfield code="1">0</subfield>
    <subfield code="2">ddc</subfield>
    <subfield code="5">1</subfield>
    <subfield code="7">0</subfield>
    <subfield code="8">PD-RV</subfield>
    <subfield code="a">BNPHU</subfield>
    <subfield code="b">BNPHU</subfield>
    <subfield code="c">CT</subfield>
    <subfield code="d">2014-12-14</subfield>
    <subfield code="e">Donado por Barbara Suncar</subfield>
    <subfield code="l">0</subfield>
    <subfield code="o">C749e</subfield>
    <subfield code="p">2023-5909</subfield>
    <subfield code="r">2023-09-14</subfield>
    <subfield code="t">e.2</subfield>
    <subfield code="w">2023-09-14</subfield>
    <subfield code="y">LBS1</subfield>
  </datafield>
  <datafield tag="999" ind1=" " ind2=" ">
    <subfield code="c">28092</subfield>
    <subfield code="d">28092</subfield>
  </datafield>
</record>
